| 000 -ლიდერი |
| ფიქსირებული სიგრძის საკონტროლო ველი |
00961nam a2200229Ia 4500 |
| 001 - საკონტროლო ნომერი |
| საკონტროლო ველი |
7639 |
| 003 - საკონტროლო ნომრის იდენტიფიკატორი |
| საკონტროლო ველი |
GE_BSU |
| 005 - ბოლო ოპერაციის თარიღი და დრო |
| საკონტროლო ველი |
20240122134841.0 |
| 008 - ფიქსირებული სიგრძის მონაცემთა ელემენტები - ზოგადი ინფორმაცია |
| ფიქსირებული სიგრძის საკონტროლო ველი |
181216s2071||||ge |||||||||||||| ||geo|| |
| 040 ## - კატალოგიზაციის წყარო |
| Transcribing agency |
GE_BSU |
| 041 ## - ენის კოდი |
| Language code of text/sound track or separate title |
geo |
| 080 ## - უნივერსალური ათობითი კლასიფიკაციის ინდექსი |
| Universal Decimal Classification number |
821.353.1-32 დ–74 |
| 100 ## - მთავარი ჩანაწერი - პიროვნების სახელი |
| Personal name |
დონჟაშვილი, თინა |
| 9 (RLIN) |
20879 |
| 245 ## - ცნობა სათაურის შესახებ |
| Title |
ვერ მიგატოვებ : |
| Remainder of title |
მოთხრობები / |
| Statement of responsibility, etc |
თინა დონჟაშვილი ; რედ. ც.ქაროსანიძე ; მხატვ. ზ. ხარაბაძე. |
| 264 ## - წარმოების, გამოცემის, დისტრიბუციის და სხვა ცნობები |
| გამოცემის, წარმოების, დისტრიბუციის... ადგილი |
თბილისი : |
| გამოცემის, წარმოების, დისტრიბუციის... სახელწოდება |
მერანი, |
| გამოცემის, წარმოების, დისტრიბუციის... თარიღი |
1971. |
| 300 ## - ფიზიკური აღწერა |
| Extent |
376 გვ. ; |
| Dimensions |
21 სმ. |
| 653 ## - INDEX TERM--UNCONTROLLED |
| Uncontrolled term |
ვერ მიგატოვებ |
| 653 ## - INDEX TERM--UNCONTROLLED |
| Uncontrolled term |
მოთხრობები |
| 700 ## - ADDED ENTRY--PERSONAL NAME |
| Personal name |
ქაროსანიძე, ც. |
| Relator term |
რედაქტორი |
| 9 (RLIN) |
3742 |
| 700 ## - ADDED ENTRY--PERSONAL NAME |
| Personal name |
ხარაბაძე, ზ. |
| Relator term |
მხატვარი |
| 9 (RLIN) |
21080 |
| 942 ## - ADDED ENTRY ELEMENTS (KOHA) |
| Koha item type |
წიგნი |
| Source of classification or shelving scheme |
|